| 000 | 01160nac a22002531u 4500 | ||
|---|---|---|---|
| 008 | 101003s2006 nju|||||r|||| 001 0 eng d | ||
| 010 | _a 2005045774 | ||
| 020 | _a0471431907 | ||
| 020 | _a9780471431909 | ||
| 082 | 0 | 0 |
_a660.2815 _bSMI |
| 100 |
_aSmith, Carlos A., _920019 |
||
| 245 | 1 | 0 |
_aPrinciples and Practice of Automatic Process Control / _cCarlos A. Smith, Armando B. Corripio. |
| 250 | _a3rd ed. | ||
| 260 |
_aHoboken, NJ : _bWiley, _cc2006. |
||
| 300 |
_axvi, 563 p. : _bill. ; _c26 cm. |
||
| 500 | _aIncludes index | ||
| 650 | 0 |
_aChemical process control. _911421 |
|
| 700 | 1 |
_aCorripio, Armando B. _920020 |
|
| 856 | 4 | 2 |
_3Contributor biographical information _uhttp://www.loc.gov/catdir/enhancements/fy0624/2005045774-b.html |
| 856 | 4 | 2 |
_3Publisher description _uhttp://www.loc.gov/catdir/enhancements/fy0624/2005045774-d.html |
| 856 | 4 | 2 |
_3Table of contents only _uhttp://www.loc.gov/catdir/enhancements/fy0624/2005045774-t.html |
| 942 |
_cBB _k660.2815 _2ddc |
||
| 999 |
_c1928 _d1928 |
||